Money talks (Record no. 109374)
[ view plain ]
| 000 -LEADER | |
|---|---|
| fixed length control field | 01550nam a2200385Ia 4500 |
| 100 1# - MAIN ENTRY--AUTHOR NAME | |
| Personal name | Colman, Fran, |
| 245 10 - TITLE STATEMENT | |
| Title | Money talks |
| 260 ## - PUBLICATION, DISTRIBUTION, ETC. (IMPRINT) | |
| Place of publication | Berlin ; |
| -- | New York : |
| Name of publisher | Mouton de Gruyter, |
| Year of publication | 1992, c1991. |
| 300 ## - PHYSICAL DESCRIPTION | |
| Number of Pages | viii, 391 p. : |
| Other physical details | ill. |
| 650 #0 - SUBJECT ADDED ENTRY--TOPICAL TERM | |
| Topical Term | English language |
| Topical Term | English language |
| Topical Term | Names, Personal |
| Topical Term | Numismatics |
| Topical Term | Coins, Anglo-Saxon. |
| Topical Term | Anglo-Saxons. |
| 856 40 - ELECTRONIC LOCATION AND ACCESS | |
| Uniform Resource Identifier | http://site.ebrary.com/lib/rucke/Doc?id=10598003 |
No items available.
